Statistics for Biggest fast food chains in Canada.

Click here to take the quiz!

General Stats

  • This quiz has been taken 12 times
  • The average score is 6 of 10

Answer Stats

Answer% Correct
McDonald’s
100%
Tim Hortons
100%
Starbucks
75%
Subway
75%
Pizza Hut
67%
KFC
58%
A&W
42%
Dairy Queen
33%
Domino’s Pizza
25%
Zing Bars
8%

Score Distribution

Percentile by Number Answered

Percent of People with Each Score

Your Score History

You have not taken this quiz